| 000 | 00998nam a2200229Ia 4500 | ||
|---|---|---|---|
| 001 | 242.1-ROS an di (8730) | ||
| 003 | IT-MiSPE | ||
| 008 | 171229s9999||||xx |||||||||||||| ||und|| | ||
| 040 |
_aIT-MiSPE _cIT-MiSPE |
||
| 041 | _aITALIANO | ||
| 100 | _aAntonio Rosmini | ||
| 245 | 0 |
_aDio è amore _bPagine scelte |
|
| 250 | _a1a ed. (v) | ||
| 260 |
_aMilano _bEd. Paoline _c1993 |
||
| 300 |
_a364 p. _c20 cm |
||
| 490 |
_aLetture cristiane del II millennio _v12 |
||
| 501 | _aEdizioni San Paolo srl - Piazza Soncino, 5 - 20092 CINISELLO BALSAMO (MI) (non commercial uses only) ® Copyright 2018 | ||
| 700 | _aUmberto Muratore | ||
| 942 | _cBK | ||
| 957 | _71 | ||
| 999 |
_a11388 _bNO _g Copie: 1 _c342172 _d342172 |
||